Algebraic Geomatry : Introduction to Schemes /
Kaydedildi:
| Yazar: | |
|---|---|
| Materyal Türü: | Sách giấy |
| Dil: | English |
| Baskı/Yayın Bilgisi: |
New York :
W. A. Benjamin ,
1968
|
| Etiketler: |
Etiketle
Etiket eklenmemiş, İlk siz ekleyin!
|
| Thư viện lưu trữ: | Thư viện Trường Đại học Đà Lạt |
|---|
| LEADER | 00583nam a2200241 4500 | ||
|---|---|---|---|
| 001 | DLU020011462 | ||
| 005 | ##1/14/2000 | ||
| 041 | # | # | |a eng |
| 082 | # | # | |a 516.35 |b MA-I |
| 090 | # | # | |a 516.35 |b MA-I |
| 100 | # | # | |a Macdonald, I. G. |
| 245 | # | # | |a Algebraic Geomatry : |b Introduction to Schemes / |c Macdonald I. G. |
| 260 | # | # | |a New York : |b W. A. Benjamin , |c 1968 |
| 300 | # | # | |a VII, 113 tr.; |c 23 cm. |
| 992 | # | # | |a 2000 |
| 994 | # | # | |a DLU |
| 900 | # | # | |a False |
| 911 | # | # | |a Administrator |
| 925 | # | # | |a G |
| 926 | # | # | |a A |
| 927 | # | # | |a SH |
| 980 | # | # | |a Thư viện Trường Đại học Đà Lạt |